| 000 | 00524nam a2200181Ia 4500 | ||
|---|---|---|---|
| 008 | 220216s9999 xx 000 0 und d | ||
| 100 | _aBenet H | ||
| 245 | 0 | _aIdentification of RAPD markers linked to a black leaf spot resistance gene in Chinese elm | |
| 260 |
_bTheoretical and Applied Genetics _c1995 |
||
| 300 | _a1068-1073 | ||
| 650 | _aBulked segregant analysis | ||
| 650 | _aDisease-resistance breeding | ||
| 650 | _aRAPD | ||
| 700 | _aBoury S | ||
| 700 | _aGuries R P | ||
| 700 | _aSmalley E B | ||
| 942 | _cJS | ||
| 999 |
_c60651 _d60651 |
||